000 00290nam a22001337a 4500
008 170401b xxu||||| |||| 00| 0 eng d
020 _a15603618
041 _aeng
080 _a617
100 _a8
101 _aSHM
245 _aBASIC OPHTHALMOLOGY
_cBRADFORD, C.A
942 _2udc
_cBK
999 _c9383
_d9383